000 00582nmm a2200169Ia 4500
008 251105s9999||||xx |||||||||||||||||und||
020 _a9788498295009
041 _aspa
100 _aUnzueta Zamalloa, Angel María
245 0 _aEl Vaticano II en una Iglesia local. :
_b Recepción del Concilio Vaticano II en la Diócesis de Bilbao
264 _a[Madrid, España] :
_bUniversidad de Deusto,
_c1995
300 _a40 páginas
490 _aAzul - Cuadernos de Teología Deusto
650 _aReligion(s)
856 _uhttps://public.digitaliapublishing.com/a/17876
942 _cCF
999 _c91545
_d91545